| 000 | 01005nam a2200265Ia 4500 | ||
|---|---|---|---|
| 999 |
_c55676 _d55676 |
||
| 001 | 22771 | ||
| 003 | GE_BSU | ||
| 005 | 20230607171517.0 | ||
| 008 | 181216s ||||ge |||||||||||||| ||geo|| | ||
| 020 | _a9789941003479 | ||
| 040 | _cGE_BSU | ||
| 041 | _ageo | ||
| 080 | _a821.353.1 ბ-32 | ||
| 100 |
_aბარბაქაძე, დათო _917994 |
||
| 245 |
_aლექსები, 1984-2004 : _bკრებული / _cდათო ბარბაქაძე. |
||
| 264 |
_aთბილისი : _bმერწყული, _c2008 |
||
| 300 |
_a600 გვ. ; _c21სმ. |
||
| 500 | _aგარეკანზე კარლ შპიცვეგი ღარიბი პოეტი (1839) | ||
| 500 | _aშენიშვნები : გვ. 543-546 | ||
| 500 | _a საძიებელი და ქრონოლოგია : გვ. 547-552 | ||
| 541 | _h7 ლ. | ||
| 653 | _aკრებული | ||
| 653 | _aლექსები, 1984-2004 | ||
| 942 |
_cBK _2udc |
||